000 00673nam a22001937a 4500
999 _c166344
_d166344
005 20190722123646.0
010 _aENG-126024
020 _a9788178442105
_c1495.00
035 _aEN-109556
037 _bDBAD/PUB
082 _a303.482
100 _aMandal, Bindeshwar Prasad
245 _aGlobalization and society /
_cby Bindeshwar Prasad Mandal
260 _aNew Delhi
_bR.K. Pulblications
_c2018
270 _a4806/24, Bharat Ram Road, Darya Ganj
_bNew Delhi
_e110002
_k011-23285167, 65185557
_minfo@kkpublications.com
300 _aviii,296p.
_c25cm(Hb)
500 _aIncludes bibliographical references and index
942 _2ddc
_cEN
_h303.482
_mMAN